|
|
|
|
| LEADER |
00000cam a22000002c 4500 |
| 001 |
1522013962 |
| 003 |
DE-627 |
| 005 |
20240505001858.0 |
| 007 |
tu |
| 008 |
151116s1991 xx ||||| 00| ||eng c |
| 035 |
|
|
|a (DE-627)1522013962
|
| 035 |
|
|
|a (DE-576)452013968
|
| 035 |
|
|
|a (DE-599)BSZ452013968
|
| 040 |
|
|
|a DE-627
|b ger
|c DE-627
|e rakwb
|
| 041 |
|
|
|a eng
|
| 100 |
1 |
|
|a Feltes, Thomas
|d 1951-
|0 (DE-588)109006909
|0 (DE-627)52362333X
|0 (DE-576)303336889
|4 aut
|
| 109 |
|
|
|a Feltes, Thomas 1951-
|
| 245 |
1 |
0 |
|a Mass media, public opinion and crime
|b The impact of the media on the public opinion esp. on the opinion about crime, criminals and the fear of crime. Lecture for the XLV Int. Course in Criminology Rio de Janeiro, 18-23 Aug.1991
|
| 264 |
|
1 |
|a Heidelberg
|b masch.geschr.Manuskript
|c 1991
|
| 300 |
|
|
|a 18 S.
|
| 336 |
|
|
|a Text
|b txt
|2 rdacontent
|
| 337 |
|
|
|a ohne Hilfsmittel zu benutzen
|b n
|2 rdamedia
|
| 338 |
|
|
|a Band
|b nc
|2 rdacarrier
|
| 583 |
1 |
|
|a Archivierung prüfen
|c 20200919
|f DE-640
|z 1
|2 pdager
|
| 583 |
1 |
|
|a Archivierung/Langzeitarchivierung gewährleistet
|f PEBW
|h DE-31
|x XA-DE-BW
|2 pdager
|5 DE-21
|
| 951 |
|
|
|a BO
|
| ELC |
|
|
|b 1
|
| LOK |
|
|
|0 000 xxxxxcx a22 zn 4500
|
| LOK |
|
|
|0 001 2873325291
|
| LOK |
|
|
|0 003 DE-627
|
| LOK |
|
|
|0 004 1522013962
|
| LOK |
|
|
|0 005 20151116135924
|
| LOK |
|
|
|0 008 150728||||||||||||||||ger|||||||
|
| LOK |
|
|
|0 035
|a (DE-21-110)kd3415
|
| LOK |
|
|
|0 040
|a DE-21-110
|c DE-627
|d DE-21-110
|
| LOK |
|
|
|0 689
|a s
|a Kriminalberichterstattung
|
| LOK |
|
|
|0 852
|a DE-21-110
|
| LOK |
|
|
|0 852 1
|c 7068
|m p
|9 00
|
| LOK |
|
|
|0 935
|a k110
|
| LOK |
|
|
|0 938
|k p
|
| LOK |
|
|
|0 939
|a 28-07-15
|b l01
|
| ORI |
|
|
|a SA-MARC-krimdoka001.raw
|
| SIG |
|
|
|a IFK: 7068
|